Omnia : (Registro nro. 6414)

Detalles MARC
000 -LEADER
fixed length control field 01446nam a22002657a 4500
003 - CONTROL NUMBER IDENTIFIER
control field OSt
005 - DATE AND TIME OF LATEST TRANSACTION
control field 20250522105631.0
008 - FIXED-LENGTH DATA ELEMENTS--GENERAL INFORMATION
fixed length control field 200130s2016 ck a|||jr|||| 00| f spa d
020 ## - INTERNATIONAL STANDARD BOOK NUMBER
International Standard Book Number 9789585951037
040 ## - CATALOGING SOURCE
Original cataloging agency CO-JMCR
Transcribing agency CO-JMCR
041 0# - LANGUAGE CODE
Language code of text/sound track or separate title spa
082 ## - DEWEY DECIMAL CLASSIFICATION NUMBER
Classification number J-N
Item number GALo
100 1# - MAIN ENTRY--PERSONAL NAME
Personal name Gallego, Laura,
Relator term autora
9 (RLIN) 92
245 10 - TITLE STATEMENT
Title Omnia :
Remainder of title todo lo que puedas soñar /
Statement of responsibility, etc. Laura Gallego ; ilustraciones de Xavier Bonet
250 ## - EDITION STATEMENT
Edition statement Primera edición
260 ## - PUBLICATION, DISTRIBUTION, ETC.
Place of publication, distribution, etc. Bogotá :
Name of publisher, distributor, etc. Montena,
Date of publication, distribution, etc. 2016
300 ## - PHYSICAL DESCRIPTION
Extent 284 páginas :
Other physical details ilustraciones a blanco y negro ;
Dimensions 21 cm.
500 ## - GENERAL NOTE
General note Incluye datos biográficos de la autora en solapa.
520 ## - SUMMARY, ETC.
Summary, etc. Todo el mundo sabe que en Omnia, la gran tienda virtual, puedes comprar cualquier cosa. En su catálogo encontraras todo lo que puedas imaginar e incluso objetos que ni siquiera sospechabas que existían. Por eso, cuando Nico tira a la basura por accidente el peluche favorito de su hermana pequeña, no duda en buscar en su web uno igual para remplazarlo. Pero un error informático inesperado lo conducirá hasta el mismo corazón de Omnia, un inmenso y extraordinario almacén en el que la búsqueda del peluche será solo el comienzo de una emocionante aventura.
650 14 - SUBJECT ADDED ENTRY--TOPICAL TERM
Topical term or geographic name entry element Novela juvenil
9 (RLIN) 93
650 14 - SUBJECT ADDED ENTRY--TOPICAL TERM
Topical term or geographic name entry element Hermanos y hermanas
General subdivision novela juvenil
9 (RLIN) 185
650 14 - SUBJECT ADDED ENTRY--TOPICAL TERM
Topical term or geographic name entry element Comercio electrónico (juguetes)
General subdivision literatura juvenil
9 (RLIN) 94
700 1# - ADDED ENTRY--PERSONAL NAME
Personal name Bonet, Xavier,
Relator term ilustrador
9 (RLIN) 95
942 ## - ADDED ENTRY ELEMENTS (KOHA)
Source of classification or shelving scheme Dewey Decimal Classification
Koha item type Books
Existencias
Withdrawn status Lost status Source of classification or shelving scheme Damaged status Not for loan Collection code Home library Current library Date acquired Source of acquisition Total Checkouts Full call number Barcode Date last seen Copy number Price effective from Koha item type
    Dewey Decimal Classification     Fiction Biblioteca Pública José María del Castillo y Rada Biblioteca Pública José María del Castillo y Rada 12/19/2019 $0   J-N GALo 201809743 01/30/2020 Ej.1 01/30/2020 Books